Statistics for Heaven and back - Chase Atlantic (lyrics)

Click here to take the quiz!

General Stats

  • This quiz has been taken 47 times
  • The average score is 296 of 332

Answer Stats

Answer% Correct
a
100%
an
100%
And
100%
and
100%
back
100%
Heaven
100%
heaven
100%
to
100%
in
97%
she
97%
She
97%
the
97%
she's
95%
her,
95%
her
95%
she's
95%
She's
95%
Tonight,
95%
All
92%
all
92%
black
92%
but
92%
But
92%
eyes
92%
high
92%
is
92%
night
92%
satisfied
92%
sky
92%
went
92%
yeah
92%
Yeah,
92%
cry
89%
Everything
89%
everything
89%
just
89%
lives
89%
one
89%
Rolling
89%
start
89%
take
89%
Then
89%
then
89%
turning
89%
Who
89%
starts
86%
that
86%
That
86%
with
86%
could
84%
devil
84%
drug
84%
pain,
84%
pill
84%
taking
84%
veins
84%
You
84%
you
84%
always
81%
away
81%
chances,
81%
dealing
81%
fell
81%
it
81%
late
81%
love
81%
new
81%
was
81%
couple
78%
crazy
78%
dancing,
78%
die
78%
fill
78%
into
78%
might
78%
say,
78%
seem
78%
were
78%
like
76%
met
76%
right
76%
things
76%
whole
76%
corner
73%
empty
73%
going
73%
said
73%
Said
73%
water
73%
women
73%
you're
73%
Boiling
70%
By
70%
Dying
70%
shoots
70%
those
70%
aluminium
68%
Diamorphine
68%
fine
68%
other
68%
talking
68%
tried
68%
'Cause
65%
ooh,
65%
Ooh,
65%
Tied
65%
While
65%
don't
62%
lied
62%
Now
62%
now
62%
terrified
62%
caught
59%
wanna
59%
borders
57%
wish
57%
obsidian
54%
Well,
54%

Score Distribution

Percentile by Number Answered

Percent of People with Each Score

Your Score History

You have not taken this quiz